000
00236nam a2200097Ia 4500
082
_a
J 796.342 WAY
245
0
_a
Tennis
100
_a
WAY, Edward London, 2009
_9
95502
942
_c
BK
008
210817s9999 xx 000 0 und d
999
_c
396421
_d
396420